Statistics for Dwayne 'The Rock' Johnson Movies

Click here to take the quiz!

General Stats

  • This quiz has been taken 1,328 times
    (1,216 since last reset)
  • The average score is 6 of 22

Answer Stats

YearMovie% Correct
2010Tooth Fairy
65%
2011Fast & Furious 5
62%
2002The Scorpion King
59%
2003Welcome to the Jungle
51%
2004Walking Tall
50%
2001The Mummy Returns
44%
2007The Game Plan
39%
2006Gridiron Gang
28%
2012Journey 2: The Mysterious Island
28%
2005Doom
27%
2010Faster
26%
2013Snitch
26%
2009Race to Witch Mountain
25%
2005Be Cool
23%
2010The Other Guys
19%
2008Get Smart
17%
2009Planet 51
10%
2006Southland Tales
10%
2001Longshot
5%
2007Reno 911!: Miami
4%
2010Why Did I Get Married Too?
3%
2010You Again
3%

Score Distribution

Percentile by Number Answered

Percent of People with Each Score

Your Score History

You have not taken this quiz since the last reset